Pays, Capitales, Drapeaux du Monde (Aléatoire) - Statistiques

Statistiques générales
  • Ce quiz a été pris 4 153 fois
    172 depuis la dernière actualisation
  • Le résultat moyen est 13 sur 20
Statistiques - réponses
Par images Réponse % Correct
Australie / Canberra
100%
Bosnie-Herzégovine / Sarajevo
100%
Brésil / Brasilia
100%
Espagne / Madrid
100%
Finlande / Helsinki
100%
France / Paris
100%
Inde / New Delhi
100%
Islande / Reykjavik
100%
Italie / Rome
100%
Jamaïque / Kingston
100%
Kazakhstan / Astana
100%
Kenya / Nairobi
100%
Mali / Bamako
100%
Mexique / Mexico
100%
Pays-Bas / Amsterdam
100%
Pologne / Varsovie
100%
Portugal / Lisbonne
100%
République Démocratique du Congo / Kinshasa
100%
République Tchèque / Prague
100%
Russie / Moscou
100%
Suisse / Berne
100%
Thaïlande / Bangkok
100%
Venezuela / Caracas
100%
Bulgarie / Sofia
93%
Ukraine / Kiev
91%
Grèce / Athènes
90%
Norvège / Oslo
90%
Autriche / Vienne
89%
Belgique / Bruxelles
89%
Bhoutan / Thimphou
89%
Cuba / La Havane
89%
Pakistan / Islamabad
89%
Uruguay / Montevideo
89%
Corée du Sud / Séoul
88%
Géorgie / Tbilissi
88%
Irlande / Dublin
88%
Macédoine du Nord / Skopje
88%
Côte d'Ivoire / Yamoussoukro
86%
États-Unis / Washington D.C.
86%
Lettonie / Riga
86%
Lituanie / Vilnius
86%
Luxembourg / Luxembourg
86%
Panama / Panama
86%
Paraguay / Asunción
86%
Saint-Marin / Saint-Marin
86%
Suède / Stockholm
86%
Tunisie / Tunis
86%
Viêt Nam / Hanoï
86%
Albanie / Tirana
83%
Irak / Bagdad
83%
Pérou / Lima
83%
Philippines / Manille
83%
Allemagne / Berlin
82%
Égypte / Le Caire
82%
Gabon / Libreville
82%
Roumanie / Bucarest
82%
Syrie / Damas
82%
Burkina Faso / Ouagadougou
80%
Colombie / Bogotá
80%
Kiribati / Tarawa-Sud
80%
Liban / Beyrouth
80%
Maroc / Rabat
80%
Mongolie / Oulan-Bator
80%
Monténégro / Podgorica
80%
Tonga / Nuku’alofa
80%
Turquie / Ankara
80%
Yémen / Sanaa
80%
Arabie Saoudite / Riyad
78%
Slovaquie / Bratislava
78%
Sri Lanka / Sri Jayawardenapura Kotte
78%
Israël / Jérusalem
77%
Japon / Tokyo
77%
Afghanistan / Kaboul
75%
Afrique du Sud / Le Cap ; Pretoria ; Bloemfontein
75%
Algérie / Alger
75%
Arménie / Erevan
75%
Bahreïn / Manama
75%
Belize / Belmopan
75%
Chine / Pékin
75%
Croatie / Zagreb
75%
Émirats Arabes Unis / Abou Dabi
75%
Haïti / Port-au-Prince
75%
Indonésie / Jakarta
75%
Sénégal / Dakar
75%
Serbie / Belgrade
75%
Sierra Leone / Freetown
75%
Suriname / Paramaribo
75%
Guinée-Bissau / Bissau
73%
Andorre / Andorre-la-Vieille
71%
Cameroun / Yaoundé
71%
Chypre / Nicosie
71%
Corée du Nord / Pyongyang
71%
Eswatini / Mbabane
71%
Malte / La Valette
71%
Moldavie / Chișinău
71%
Hongrie / Budapest
70%
Libye / Tripoli
70%
Mauritanie / Nouakchott
70%
Angola / Luanda
67%
Birmanie / Naypyidaw
67%
Cambodge / Phnom Penh
67%
Chili / Santiago
67%
Estonie / Tallinn
67%
Guinée / Conakry
67%
Laos / Vientiane
67%
Madagascar / Antananarivo
67%
Nigeria / Abuja
67%
Nouvelle-Zélande / Wellington
67%
Qatar / Doha
67%
Royaume-Uni / Londres
67%
Rwanda / Kigali
67%
Turkménistan / Achgabat
67%
Vatican / Vatican
67%
Bangladesh / Dacca
64%
Guatemala / Guatemala
63%
Iran / Téhéran
63%
Bolivie / Sucre ; La Paz
60%
Brunei / Bandar Seri Begawan
60%
Canada / Ottawa
60%
Cap-Vert / Praia
60%
Éthiopie / Addis Abeba
60%
Guinée Équatoriale / Ciudad de la Paz
60%
Île Maurice / Port-Louis
60%
Koweït / Koweït
60%
Monaco / Monaco
60%
République Centrafricaine / Bangui
60%
Singapour / Singapour
60%
Slovénie / Ljubljana
60%
Tadjikistan / Douchanbé
60%
Zambie / Lusaka
60%
Azerbaïdjan / Bakou
58%
Bénin / Porto-Novo
57%
Érythrée / Asmara
57%
Grenade / Saint-Georges
57%
Honduras / Tegucigalpa
57%
Malawi / Lilongwe
57%
Maldives / Malé
57%
Niger / Niamey
57%
Kosovo / Pristina
56%
Malaisie / Kuala Lumpur
56%
République du Congo / Brazzaville
56%
Liechtenstein / Vaduz
55%
Antigua-et-Barbuda / Saint John's
50%
Argentine / Buenos Aires
50%
Biélorussie / Minsk
50%
Comores / Moroni
50%
Danemark / Copenhague
50%
Djibouti / Djibouti
50%
Équateur / Quito
50%
Fidji / Suva
50%
Ghana / Accra
50%
Guyana / Georgetown
50%
Jordanie / Amman
50%
Mozambique / Maputo
50%
Népal / Katmandou
50%
Ouzbékistan / Tachkent
50%
République Dominicaine / Saint-Domingue
50%
Saint-Vincent-et-les-Grenadines / Kingstown
50%
Salvador / San Salvador
50%
Samoa / Apia
50%
Seychelles / Victoria
50%
Somalie / Mogadiscio
50%
Tchad / N'Djaména
50%
Tuvalu / Funafuti
50%
Soudan / Khartoum
43%
Tanzanie / Dodoma
43%
Vanuatu / Port-Vila
43%
États Fédérés de Micronésie / Palikir
40%
Gambie / Banjul
40%
Îles Marshall / Majuro ; Delap-Uliga-Djarrit
40%
Liberia / Monrovia
40%
Namibie / Windhoek
40%
Oman / Mascate
40%
Palaos / Ngerulmud
40%
Taïwan / Taipei
40%
Botswana / Gaborone
33%
Nauru / Yaren
33%
Sainte-Lucie / Castries
33%
Togo / Lomé
33%
Zimbabwe / Harare
33%
Soudan du Sud / Djouba
29%
Îles Salomon / Honiara
25%
Ouganda / Kampala
22%
Bahamas / Nassau
20%
Barbade / Bridgetown
20%
Costa Rica / San José
20%
Nicaragua / Managua
20%
São Tomé-et-Principe / São Tomé
17%
Timor Oriental / Dili
17%
Burundi / Gitega
14%
Dominique / Roseau
14%
Trinité-et-Tobago / Port d'Espagne
14%
Saint-Christophe-et-Niévès / Basseterre
11%
Kirghizistan / Bichkek
0%
Lesotho / Maseru
0%
Papouasie-Nouvelle-Guinée / Port Moresby
0%
Aucun quiz correspondant
Distribution des résultats
% des personnes avec chaque résultat
Percentile par nombre de réponses
Votre historique - résultats
Vous n’avez pas pris ce quiz depuis la dernière actualisation